| 000 | 01192nam a22003497a 4500 | ||
|---|---|---|---|
| 003 | CHAP | ||
| 005 | 20220329135636.0 | ||
| 008 | 971013s1925 r 00010 d | ||
| 010 | _a39799 | ||
| 011 | _a40771 | ||
| 035 | _a44897 | ||
| 040 | _cCHAP | ||
| 082 |
_a338.173895 _bE8 |
||
| 110 |
_aE.U.A. Department of Commerce. Bureau of Foreign and Domestic Commerce _934900 |
||
| 245 | _aRubber production in the Amazon Valley | ||
| 260 |
_aWashington : _bGovernment Printing Office, _c1925 |
||
| 300 |
_a369 p. _b: ilus. |
||
| 490 |
_aTrade promotion series _v; 23 |
||
| 590 |
_aBATCH-UPD _b10 _c20130110 _lUCH01 _h0201 |
||
| 590 |
_aBATCH-UPD _b10 _c20130110 _lUCH01 _h1517 |
||
| 590 |
_aBATCH-UPD _b10 _c20130410 _lUCH01 _h0931 |
||
| 590 |
_aCONVERSION _b10 _c20130109 _lUCH01 _h1322 |
||
| 650 | 1 | 4 |
_aAgricultura _xAspectos economicos _xAmerica Latina. _91202 |
| 650 | 1 | 4 |
_aCaucho. _920537 |
| 650 | 1 | 4 |
_aHevea. _955088 |
| 700 | 0 |
_aSchurz, William Lytle. _9103251 |
|
| 830 | 0 |
_aTrade promotion series _v; 23 _9114592 |
|
| 901 | _aBK | ||
| 942 | _cLIBRO | ||
| 949 |
_a338.173895 E8 _bBC _cBPA _d-102836 _eBPA _h5792 _i44897 _si |
||
| 949 |
_a338.173895 E8 _bBC _cBPA _d-102837 _eBPA _fc.2 _h5793 _i44897 _si |
||
| 999 |
_c39799 _d39799 |
||